| 000 | 00742nam a22002177a 4500 | ||
|---|---|---|---|
| 003 | DO-SdBNP | ||
| 005 | 20210413100623.0 | ||
| 007 | ta | ||
| 008 | 210413e2010 dr a|||gr|||| 00| 0bspa d | ||
| 040 |
_aDO-SdBNP _bspa _cBNPHU |
||
| 041 | _hspa | ||
| 082 | _bD615P | ||
| 100 | 1 |
_aDitrén, María Elena. _978368 |
|
| 245 | 1 | 3 |
_aGuillo Pérez : _bexposición homenaje / _cElena María Ditren , Amable López Meléndez , Abil Peralta Agüero ; Mariano Hernández, fotografias |
| 260 |
_aSanto Domingo : _bMuseo de Arte Moderno , _c2010 |
||
| 300 |
_a64 pg. : _bil. ; _c25 cm. |
||
| 700 | 1 | 2 |
_aLópez Meléndez, Amable. _925471 |
| 700 | 1 | 2 |
_aPeralta Agüero , Abil. _926618 |
| 700 | 1 | 2 |
_aHernández, Mariano , _efotografias _978369 |
| 942 |
_2ddc _cLBS1 |
||
| 999 |
_c49722 _d49722 |
||